| 000 | 00825nab#a2200265#c#4500 | ||
|---|---|---|---|
| 999 |
_c122057 _d122057 |
||
| 003 | IEF | ||
| 005 | 20191205103434.0 | ||
| 008 | 950704s1976 uuu|| #####0 b| |u | ||
| 040 |
_aIEF _cES-MaIEF |
||
| 100 | 1 |
_aMoral Ruíz, Joaquín del _930192 |
|
| 245 |
_aContribución territorial y valor de la propiedad rústica en España entre 1821-1823 _bel caso de Navarra _c Joaquín del Moral Ruiz |
||
| 260 | _c1976 | ||
| 500 | _aBibliografía | ||
| 650 | 4 |
_aCONTRIBUCION TERRITORIAL RUSTICA _941129 |
|
| 650 | 4 |
_aFINCAS RUSTICAS _944294 |
|
| 650 | 4 |
_aPROPIEDAD _948168 |
|
| 650 | 4 |
_aNAVARRA _947821 |
|
| 650 | 4 |
_aHISTORIA ECONOMICA _945401 |
|
| 650 | 4 |
_aESPAÑA _941092 |
|
| 650 | 4 |
_aSIGLO XIX _948415 |
|
| 773 | 0 |
_tHacienda pública española _w34570 _g38, p. 149-156 |
|
| 942 | _2udc | ||
| 942 | _2udc | ||